<?xml version="1.0" encoding="UTF-8"?>
<record
    xmlns:xsi="http://www.w3.org/2001/XMLSchema-instance"
    xsi:schemaLocation="http://www.loc.gov/MARC21/slim http://www.loc.gov/standards/marcxml/schema/MARC21slim.xsd"
    xmlns="http://www.loc.gov/MARC21/slim">

  <leader>02097cam a22003374a 4500</leader>
  <controlfield tag="001">16465520</controlfield>
  <controlfield tag="003">AUA.1</controlfield>
  <controlfield tag="005">20180425175924.0</controlfield>
  <controlfield tag="008">100919s2011    nju      b    001 0 eng  </controlfield>
  <datafield tag="010" ind1=" " ind2=" ">
    <subfield code="a">  2010038844</subfield>
  </datafield>
  <datafield tag="020" ind1=" " ind2=" ">
    <subfield code="a">1592217710 (cloth : alk. paper)</subfield>
  </datafield>
  <datafield tag="020" ind1=" " ind2=" ">
    <subfield code="a">1592217729 (pbk. : alk. paper)</subfield>
  </datafield>
  <datafield tag="040" ind1=" " ind2=" ">
    <subfield code="a">DLC</subfield>
    <subfield code="c">DLC</subfield>
  </datafield>
  <datafield tag="043" ind1=" " ind2=" ">
    <subfield code="a">f------</subfield>
  </datafield>
  <datafield tag="050" ind1="0" ind2="0">
    <subfield code="a">HQ691</subfield>
    <subfield code="b">.F76 2011</subfield>
  </datafield>
  <datafield tag="082" ind1="0" ind2="0">
    <subfield code="a">306.850967</subfield>
    <subfield code="2">22</subfield>
  </datafield>
  <datafield tag="245" ind1="0" ind2="0">
    <subfield code="a">Frontiers of globalization :</subfield>
    <subfield code="b">kinship and family structures in Africa /</subfield>
    <subfield code="c">edited by Ana Marta Gonz&#xE2;lez, Laurie DeRose, and Florence Oloo.</subfield>
  </datafield>
  <datafield tag="260" ind1=" " ind2=" ">
    <subfield code="a">Trenton, NJ :</subfield>
    <subfield code="b">Africa World Press,</subfield>
    <subfield code="c">2011.</subfield>
  </datafield>
  <datafield tag="300" ind1=" " ind2=" ">
    <subfield code="a">xxii, 290 p. ;</subfield>
    <subfield code="c">22 cm.</subfield>
  </datafield>
  <datafield tag="504" ind1=" " ind2=" ">
    <subfield code="a">Includes bibliographical references (p. 272-279) and index.</subfield>
  </datafield>
  <datafield tag="505" ind1="0" ind2=" ">
    <subfield code="a">Changes in African families : a review of anthropological and sociological approaches towards family and kinship in Africa / Erdmute Alber and Astrid Bochow -- Stretched and strained but not broken : kinship in contemporary Nigeria / Daniel Jordan Smith -- Child trafficking in West Africa? / Erdmute Alber -- An approach to the concept of family in the African Union / Paloma Dur&#xE1;n y Lalaguna -- Legislating marriage : globalization and family law reform in West Africa / Susanna D. Wing -- Matrifocality, patriarchy and globalization : changing family forms in a south African city / Leslie Bank -- Towards a different kind of freedom : notes on historicizing globalization and women in Africa / Abena P.A. Busia -- African masculinities, relationships, and sexualities / Victor Seidler -- Religion and HIV risk / Laurie DeRose.</subfield>
  </datafield>
  <datafield tag="650" ind1=" " ind2="0">
    <subfield code="a">Families</subfield>
    <subfield code="z">Africa.</subfield>
    <subfield code="9">15308</subfield>
  </datafield>
  <datafield tag="650" ind1=" " ind2="0">
    <subfield code="a">Globalization</subfield>
    <subfield code="z">Africa.</subfield>
  </datafield>
  <datafield tag="651" ind1=" " ind2="0">
    <subfield code="a">Africa</subfield>
    <subfield code="x">Social conditions</subfield>
    <subfield code="y">21st century.</subfield>
  </datafield>
  <datafield tag="700" ind1="1" ind2=" ">
    <subfield code="a">Gonz&#xE1;lez, Ana Marta,</subfield>
    <subfield code="d">1969-</subfield>
    <subfield code="e">ed.</subfield>
  </datafield>
  <datafield tag="700" ind1="1" ind2=" ">
    <subfield code="a">DeRose, Laurie Fields,</subfield>
    <subfield code="d">1968-</subfield>
    <subfield code="e">ed.</subfield>
  </datafield>
  <datafield tag="700" ind1="1" ind2=" ">
    <subfield code="a">Oloo, Florence.</subfield>
    <subfield code="e">ed.</subfield>
  </datafield>
  <datafield tag="906" ind1=" " ind2=" ">
    <subfield code="a">7</subfield>
    <subfield code="b">cbc</subfield>
    <subfield code="c">orignew</subfield>
    <subfield code="d">1</subfield>
    <subfield code="e">ecip</subfield>
    <subfield code="f">20</subfield>
    <subfield code="g">y-gencatlg</subfield>
  </datafield>
  <datafield tag="942" ind1=" " ind2=" ">
    <subfield code="2">lcc</subfield>
    <subfield code="c">BOOK</subfield>
    <subfield code="h">HQ 691</subfield>
    <subfield code="i">.F76 2011</subfield>
  </datafield>
  <datafield tag="999" ind1=" " ind2=" ">
    <subfield code="c">18562</subfield>
    <subfield code="d">18562</subfield>
  </datafield>
  <datafield tag="952" ind1=" " ind2=" ">
    <subfield code="0">0</subfield>
    <subfield code="1">0</subfield>
    <subfield code="2">lcc</subfield>
    <subfield code="4">0</subfield>
    <subfield code="7">0</subfield>
    <subfield code="8">Books</subfield>
    <subfield code="a">AUA.1</subfield>
    <subfield code="b">AUA.1</subfield>
    <subfield code="c">GS</subfield>
    <subfield code="d">2017-06-19</subfield>
    <subfield code="e">Bought by JTL</subfield>
    <subfield code="g">37.67</subfield>
    <subfield code="h">AUA21637</subfield>
    <subfield code="o">HQ 691 .F76 2011</subfield>
    <subfield code="p">AUA21637</subfield>
    <subfield code="r">2017-06-19 00:00:00</subfield>
    <subfield code="v">37.67</subfield>
    <subfield code="w">2017-06-19</subfield>
    <subfield code="y">BOOK</subfield>
  </datafield>
</record>
